000 00477nam a2200169Ia 4500
005 20250317123846.0
008 008 250317s9999 xx 000 0 eng d
037 _aTextbook
040 _aFMSL
_beng
_cFMSL
041 _aeng
_2eng
084 _aX:8E Q2
_qFMSL
100 _aVanhoucke M
_9740944
245 0 _aProject management with dynamic scheduling
260 _aN
_bN, Y Springer
_c2012
942 _cTB
_hX:8E Q2
999 _c1253039
_d1253039